[Event "Varennes Open-ch 2017"]
[Site "Varennes"]
[Date "2017.10.07"]
[Round "2.2"]
[White "Lenderman, Aleksandr"]
[Black "Chiku-Ratte, Olivier-Kenta"]
[Result "1/2-1/2"]
[WhiteElo "2591"]
[BlackElo "2317"]
[Annotator "TA"]
[PlyCount "110"]
[EventDate "2017.10.06"]
[EventCountry "CAN"]
[SourceTitle "playchess.com"]
[Source "ChessBase"]
[SourceQuality "1"]

{[%evp 23,110,65,60,57,60,51,81,53,53,42,73,47,144,129,140,137,152,139,136,135,234,230,235,18,24,14,49,46,57,56,52,48,74,31,86,16,51,53,62,61,58,0,0,0,0,0,0,0,8,8,8,8,119,119,119,119,119,119,119,8,8,1,1,1,1,1,1,1,1,1,1,1,1,1,1,1,2,1,1,1,1,1,1,1,1,1,1,7,7]} 1. d4 Nf6 2. c4 g6 3. Nc3 Bg7 4. e4 d6 5. Nf3 O-O 6. Be2 c5 7. O-O cxd4 8. Nxd4 Nc6 9. Be3 Nxd4 10. Bxd4 Bd7 11. Qd3 {B38: Sicilian: Maroczy Bind with 5...Bg7 and 7...0-0} Bc6 12. b4 b6 {LiveBook: 9 Games} 13. f4 {White is slightly better.} Qc7 $146 ({Predecessor:} 13... Re8 14. Rad1 e5 15. fxe5 dxe5 16. Be3 Qxd3 17. Bxd3 Ng4 18. Bd2 Red8 {1-0 (50) Zakhartsov,V (2536)-Beletsky,A (2284) Tomsk 2013}) 14. Rac1 Rfc8 15. Be3 Nd7 16. Bg4 h5 17. Nd5 Qd8 (17... Bxd5 $1 $14 18. cxd5 Qb7) 18. Bxd7 $1 $16 Bxd7 19. f5 $1 {[%cal Rf5g6] fxg6 is the strong threat.} e6 20. fxg6 $1 fxg6 21. Nf4 e5 (21... Qe8 $16) 22. Qd5+ Kh7 {[#]} 23. Ne6 $2 (23. Nxg6 $1 $18 {[%mdl 512] Black must now prevent Qf7.} Kxg6 24. Qxd6+ Bf6 25. Rxf6+ Qxf6 26. Qxd7) 23... Bxe6 $1 $11 24. Qxe6 Qg8 (24... Rc7 {keeps more tension.} 25. Rfd1 Bf8 26. c5 bxc5 27. bxc5 Qc8) 25. Qf7 Rf8 26. Qxg8+ Kxg8 27. Rfd1 Rf6 28. a4 (28. Bg5 $5 {[%cal Rg5f6]} Re6 29. a3 $14) 28... Bf8 ({Black should play} 28... Kh7 $14) 29. Rd5 (29. a5 $16) 29... Rf7 30. a5 Rc8 31. axb6 axb6 32. Rb5 (32. b5 $14) 32... Rfc7 33. Kf2 Rxc4 34. Rxc4 Rxc4 {[%mdl 4096] Endgame KRB-KRB} 35. Kf3 d5 36. exd5 e4+ 37. Ke2 Rxb4 (37... Bxb4 $11 {keeps the balance.} 38. Rxb6 Kf7) 38. Rxb4 $16 ({Much weaker is} 38. Rxb6 $6 Kf7 $11) 38... Bxb4 39. Bxb6 $11 {KB-KB} Bd6 {[#]} 40. h3 $1 Bf4 {[#]} 41. Be3 ({Better is} 41. h4 $1 $16) 41... Bd6 {The position is equal.} 42. Bg5 {Black should prevent Ke3.} Bc5 43. Kd2 Kf7 44. Kc3 Ke8 45. Kc4 Bf2 46. Bf6 Kd7 47. Bd4 Bg3 48. Be3 {next Kd4 is good for White.} Be5 $1 49. Kc5 Bb2 50. Bf4 Bg7 51. g3 Bb2 52. Kc4 Bf6 53. g4 hxg4 54. hxg4 Bg7 55. Kc5 Bb2 {Precision: White = 48%, Black = 57%.} 1/2-1/2

[Event "Varennes Open-ch 2017"]
[Site "Varennes"]
[Date "2017.10.07"]
[Round "2.3"]
[White "Cazelais, Marc"]
[Black "Sambuev, Bator"]
[Result "0-1"]
[WhiteElo "2174"]
[BlackElo "2535"]
[Annotator "TA"]
[PlyCount "66"]
[EventDate "2017.10.06"]
[EventCountry "CAN"]
[SourceTitle "playchess.com"]
[Source "ChessBase"]
[SourceQuality "1"]

{[%evp 9,66,16,7,-24,0,-34,-29,-57,-54,-53,-47,-65,-58,-75,-38,-53,-41,-48,-43,-50,-45,-60,-41,-50,-63,-95,-48,-44,-24,-115,-107,-103,-104,-160,-98,-84,-42,-137,-75,-296,-295,-577,-519,-541,-550,-546,-553,-547,-526,-1493,-1056,-1450,-1317,-1729,-1482,-1318,-966,-2165,-2101]} 1. e4 {[%cal Be2e4,Be4e5][%mdl 32]} Nf6 2. e5 Nd5 3. Nc3 Nxc3 4. dxc3 d6 5. Bf4 Nc6 {LiveBook: 29 Games} 6. exd6 {B02: Alekhine's Defence: Chase Variation and lines with early Nc3} cxd6 7. Qd2 e5 8. Bg5 {Black has an edge.} f6 9. Be3 Be6 $146 ({Predecessor:} 9... d5 10. Ne2 Be6 11. g3 Qd7 12. Bg2 Rd8 {½-½ (47) Dekar,L (2186)-Gozzoli,Y (2433) Port Barcares 2005}) 10. c4 Rc8 11. Nf3 a6 12. Be2 Be7 13. O-O O-O 14. Rfd1 Qc7 15. b3 Rfd8 16. Qe1 h6 17. Qd2 g5 18. h4 Kg7 19. g3 (19. c3 $11 {remains equal.}) 19... d5 $1 $17 {[%cal Rd5d4]} 20. cxd5 Bxd5 21. Qc3 (21. Qc1 $142) 21... b5 (21... Nd4 $142 $1 {[%cal Rd4e2]} 22. Bxd4 Qxc3 23. Bxc3 Rxc3) 22. Qb2 Qb7 23. Ne1 ({White should play} 23. c3 $15) 23... gxh4 24. gxh4 $2 {[#]} (24. Bg4 $17) 24... Kh8 $19 25. Bxh6 $2 (25. Rxd5 Rxd5 26. Bf3) 25... Nd4 {Black is clearly winning.} 26. Rxd4 exd4 27. Qxd4 Be4 28. Qe3 Rg8+ 29. Kh2 Bd6+ 30. Bf4 Bc5 31. Qc3 Qg7 {[#] ( -> ...Qg1+)} 32. Qg3 Qh7 33. Qh3 Bxf2 {Precision: White = 19%, Black = 71%.} 0-1

[Event "Varennes Open-ch 2017"]
[Site "Varennes"]
[Date "2017.10.07"]
[Round "2.4"]
[White "Bannon, Eric"]
[Black "Alvarez Pedraza, Aramis"]
[Result "0-1"]
[WhiteElo "2154"]
[BlackElo "2489"]
[Annotator "TA"]
[PlyCount "54"]
[EventDate "2017.10.06"]
[EventCountry "CAN"]
[SourceTitle "playchess.com"]
[Source "ChessBase"]
[SourceQuality "1"]

{[%evp 23,54,0,15,-12,-12,-16,0,-4,-4,-7,-16,-46,0,-26,57,38,39,19,25,22,30,16,42,6,51,41,55,64,47,62,86,-370,-357]} 1. e4 c6 2. d4 d5 3. Nc3 dxe4 4. Nxe4 Bf5 5. Ng3 Bg6 6. h4 h6 7. Nf3 e6 8. h5 Bh7 9. Bd3 Bxd3 10. Qxd3 Nf6 11. Bf4 Qa5+ {B19: Classical Caro-Kann: 4...Bf5 main line} (11... Be7 12. O-O-O O-O 13. Kb1 c5 14. Qe2 Nd5 15. Bd2 cxd4 16. Nxd4 Qb6 17. c4 Nb4 18. Bc3 N8c6 19. a3 {½-½ (36) Amonatov,F (2592)-Motylev,A (2648) St Petersburg 2015}) 12. Bd2 Bb4 {LiveBook: 36 Games} 13. Ne5 O-O {The position is equal.} 14. c3 {[#]} Be7 $146 ({Predecessor:} 14... Bd6 15. Nc4 Qa6 16. Ne2 Nbd7 17. Rh3 Bc7 18. Bf4 Bxf4 19. Nxf4 {0-1 (66) Ruefenacht,M (2328)-Medvegy,Z (2542) Germany 2016}) 15. Ne4 Nbd7 16. Nxf6+ Nxf6 17. Rh3 Qd5 18. O-O-O Qe4 ({Much worse is} 18... Qxg2 $6 19. Rg3 $16) (18... c5 $11 19. Rg3 Kh8) 19. Qxe4 (19. g4 {feels hotter.} Qxd3 20. Nxd3 Ne4 21. Kc2 a5 22. Bf4) 19... Nxe4 20. Re1 (20. Be3 {is interesting.} Rfc8 21. Kc2 b5 22. g4 a5 23. Re1) 20... Nxd2 ({But not} 20... Nxf2 $6 21. Rf3 $16) 21. Kxd2 Rad8 22. Rd3 Rfe8 23. Rf3 f6 24. Ng6 Bd6 25. Rfe3 Kf7 26. f4 c5 {[#]} 27. dxc5 $2 {[%mdl 8192]} (27. f5 $1 $16 {and life is bright.}) 27... Bxf4+ $1 {Precision: White = 29%, Black = 28%.} 0-1

[Event "Varennes Open-ch 2017"]
[Site "Varennes"]
[Date "2017.10.07"]
[Round "2.5"]
[White "Hambleton, Aman"]
[Black "Morella Cabrera, Julio Antonio"]
[Result "1-0"]
[WhiteElo "2479"]
[BlackElo "2248"]
[Annotator "TA"]
[PlyCount "63"]
[EventDate "2017.10.06"]
[EventCountry "CAN"]
[SourceTitle "playchess.com"]
[Source "ChessBase"]
[SourceQuality "1"]

{[%evp 16,63,34,4,60,45,77,50,66,65,57,22,45,38,47,31,198,200,315,311,462,452,471,468,466,455,467,452,457,444,460,466,548,549,600,613,1031,1033,1031,1004,1269,1202,2146,1945,29981,1400,6311,1399,1395,1253]} 1. Nf3 c5 2. c4 Nc6 3. Nc3 g6 4. d4 cxd4 5. Nxd4 Bg7 6. Nc2 Nf6 7. e4 d6 8. Be2 O-O 9. O-O a5 {B37: Sicilian: Maroczy Bind with 5...Bg7, sidelines} (9... Nd7 $11) (9... Be6 10. Bd2 Nd7 11. Rc1 Nc5 12. b4 Bxc3 13. Bxc3 Nxe4 14. Ba1 a5 15. b5 Ne5 16. Qd4 Nf6 17. Ne3 Ned7 18. Bf3 {1-0 (33) Aronian,L (2785)-Flores,D (2579) Doha 2016}) 10. Be3 a4 11. f3 Qa5 {White is slightly better.} 12. Rb1 Be6 13. Qd2 Nd7 $146 ({Predecessor:} 13... Rfc8 14. Nd5 Qxd2 15. Bxd2 Nd7 16. Bc3 Bxc3 17. Nxc3 {1-0 (58) Matsuura,E (2500)-Diamant,A (2407) Sao Paulo 2008}) 14. Rfd1 Rfc8 15. Na3 Qh5 $2 {[#]} ({Better is} 15... Bxc3 $14 16. bxc3 (16. Qxc3 Qxc3 17. bxc3 Na5 $11) 16... b6) 16. Nd5 $1 $18 Bxd5 (16... b6 $142 17. Nb5 Rab8) 17. cxd5 Nd8 (17... Nce5 {is a better defense.} 18. f4 Qh4) 18. Bg5 f6 19. f4 {[%cal Bf3f4,Bf4g5][%mdl 32]} Qxe2 20. Qxe2 fxg5 21. fxg5 Nf7 22. Rbc1 Nc5 23. Nc4 Rd8 24. e5 {[%cal Be4e5,Be5d6,Bd6e7][%mdl 32]} b5 25. exd6 bxc4 26. dxe7 Re8 27. d6 Nd3 28. Rxc4 Nxd6 29. Qxd3 Nxc4 30. Qxc4+ (30. Qd5+ $142 Kh8 {[#]} 31. Qxa8 $1 {[%mdl 512]} Bd4+ 32. Rxd4 Rxa8 33. Rd8+ Kg7 34. e8=Q Rxd8 35. Qe7+ Kg8 36. Qxd8+ Kf7 37. Qf6+ Ke8 38. Qe6+ Kf8 39. Qxc4) 30... Kh8 31. Qf7 Bxb2 32. Qxe8+ {Precision: White = 65%, Black = 42%.} 1-0

[Event "Varennes Open-ch 2017"]
[Site "Varennes"]
[Date "2017.10.07"]
[Round "3"]
[White "Bruzon Batista, Lazaro"]
[Black "Hua, Eugene"]
[Result "1-0"]
[WhiteElo "2660"]
[BlackElo "2220"]
[Annotator "TA"]
[PlyCount "93"]
[EventDate "2017.10.06"]
[EventCountry "CAN"]
[SourceTitle "playchess.com"]
[Source "ChessBase"]
[SourceQuality "1"]

{[%evp 25,93,0,0,-22,-16,-25,-25,-18,-27,-34,47,-5,-8,-5,-4,-13,0,-6,0,0,0,0,0,0,0,0,0,0,0,0,0,-2,10,12,12,11,11,9,9,9,9,9,9,9,9,9,9,9,9,9,10,0,67,60,60,35,210,202,295,298,784,696,12839,12839,12841,12842,12842,12843,12843,12843]} 1. Nf3 c5 2. c4 Nc6 3. d4 cxd4 4. Nxd4 Nf6 5. Nc3 e6 6. g3 Qb6 7. Ndb5 Ne5 8. Bg2 a6 9. Qa4 Rb8 {A33: Symmetrical English: 2 Nf3 Nf6 3 d4 cxd4 4 Nxd4 e6 5 Nc3 Nc6} (9... Bc5 10. O-O O-O 11. b4 axb5 12. Qxa8 Bxb4 13. Nxb5 Nxc4 14. Qa4 Qa5 15. Qxa5 Bxa5 16. Rd1 d5 17. Na3 {1-0 (34) Matlakov,M (2694)-Vachier Lagrave,M (2804) Doha 2016}) 10. Be3 Bc5 11. Bxc5 Qxc5 12. Qa3 Qxa3 13. Nxa3 g5 {LiveBook: 3 Games} 14. O-O Ke7 15. Rad1 $146 ({Predecessor:} 15. f4 gxf4 16. gxf4 Ng6 17. h3 b6 18. Kh2 Bb7 19. e4 {½-½ (19) Fillon,D (2306)-Epinoux,J (2081) ICCF email 2007}) 15... b6 16. b3 Bb7 17. f3 d5 (17... d6 $15) 18. cxd5 (18. f4 $1 $14 gxf4 19. cxd5 (19. gxf4 Neg4 $17)) 18... Nxd5 $11 19. Nxd5+ Bxd5 20. Nc2 a5 21. Ne3 Bb7 22. Kf2 Rhd8 23. Rxd8 Rxd8 24. Rc1 Rc8 25. Rxc8 Bxc8 {[%mdl 4096] Endgame KBN-KBN} 26. f4 gxf4 27. gxf4 Nd7 28. Be4 Nf6 29. Bd3 h6 30. Nc4 Nd5 31. Kg3 f5 32. a3 Bd7 33. e4 fxe4 34. Bxe4 Nc3 35. Kf3 a4 $1 36. bxa4 Nxa4 37. Ke3 Bb5 38. Ne5 Kf6 ({Black should try} 38... Nc3 $11) 39. Kd4 Nc5 40. Bc2 Be2 $2 {[#]} (40... Ke7 $14) 41. a4 $1 $18 {[%cal Ba3a4,Ba4a5][%mdl 32]} Ke7 {[#]} (41... Na6 {was called for.} 42. Nd7+ Ke7) 42. a5 $1 {[%mdl 512]} Nd7 $2 (42... Bh5 43. axb6 Kd6) (42... bxa5 43. Kxc5) 43. Nxd7 {White is clearly winning.} Kxd7 44. axb6 Kc6 45. Ke5 Bc4 46. Bd1 Kxb6 47. Kd6 {Precision: White = 81%, Black = 45%.} 1-0

[Event "Varennes Open-ch 2017"]
[Site "Varennes"]
[Date "2017.10.07"]
[Round "3"]
[White "Sambuev, Bator"]
[Black "Perez Rodriguez, Luis Manuel"]
[Result "1-0"]
[WhiteElo "2535"]
[BlackElo "2368"]
[Annotator "TA"]
[PlyCount "99"]
[EventDate "2017.10.06"]
[EventCountry "CAN"]

{[%evp 9,99,0,0,0,8,10,10,0,0,-8,14,8,46,39,33,-7,-16,-14,-10,-16,-20,-16,17,6,10,7,11,11,15,0,0,-19,-8,-34,0,0,14,-18,0,0,0,0,0,-18,-18,-33,-8,-12,-29,-8,-7,0,8,13,8,17,16,-33,8,1,7,7,0,0,0,0,0,0,102,96,204,203,217,210,218,206,218,222,235,233,233,239,323,323,319,308,354,332,333,346,335,334]} 1. c4 e5 2. Nc3 Nf6 3. e3 d5 4. cxd5 Nxd5 5. Qc2 Nb4 (5... Nxc3 6. bxc3 {½-½ (6) Ivanisevic,I (2624)-Naiditsch,A (2706) Deizisau 2014}) 6. Qb1 {A22: English Opening: 1...e5 2 Nc3 Nf6} Bd6 $146 ({Predecessor:} 6... c5 7. Nf3 N4c6 8. a3 Be7 9. Be2 O-O 10. O-O Be6 11. d3 Na5 12. Nd2 Nb3 13. Nxb3 Bxb3 {1-0 (49) Wirig,A (2477)-Shirazi,K (2448) Metz 2008}) 7. a3 N4c6 8. b4 {The position is equal.} O-O 9. Nf3 a6 10. Bc4 Bg4 11. Ne4 Bf5 12. Rg1 Nd7 13. Bd3 Bg6 14. g4 Nf6 15. h4 Bxe4 16. Bxe4 Nxe4 17. Qxe4 f6 18. Bb2 Qe7 19. h5 Qf7 20. Nh4 a5 {[%cal Ra5b4]} 21. b5 Nd8 {[%cal Bc6d8,Bd8e6,Be6c5,Bc5a4][%mdl 32]} 22. Nf5 Ne6 23. Qc4 Nc5 24. Qxf7+ Kxf7 25. Ke2 Na4 26. Bc1 g6 27. Ng3 Rfd8 28. Rh1 Kg7 29. Ra2 Rac8 30. Rc2 c6 31. bxc6 Rxc6 32. Rxc6 bxc6 33. Kd1 c5 34. hxg6 hxg6 35. Rh4 Nb6 36. Kc2 Be7 {[#]} 37. g5 $1 {[%mdl 512]} f5 (37... fxg5 38. Re4) 38. Bb2 Bxg5 (38... Rd5 $1 $11) 39. Bxe5+ $16 Bf6 {[#]} (39... Kf8 $16 {keeps fighting.} 40. Rh8+ Kf7) 40. Nxf5+ $1 $18 {[%mdl 512]} Kf7 (40... gxf5 41. Bxf6+) 41. Nh6+ Ke6 42. Bxf6 Kxf6 {[%mdl 4096] Endgame KRN-KRN} 43. Rf4+ Ke6 44. Ng4 Nd7 45. Re4+ Kd5 46. Re7 Nb6 47. Re5+ Kc6 48. Rg5 Nc4 49. Ne5+ ({Less strong is} 49. Rxg6+ Kb5 $16) 49... Nxe5 50. Rxe5 {Precision: White = 67%, Black = 52%.} 1-0

[Event "Varennes Open-ch 2017"]
[Site "Varennes"]
[Date "2017.10.07"]
[Round "3"]
[White "Alvarez Pedraza, Aramis"]
[Black "Duong, Thanh Nha"]
[Result "1/2-1/2"]
[WhiteElo "2489"]
[BlackElo "2132"]
[Annotator "TA"]
[PlyCount "86"]
[EventDate "2017.10.06"]
[EventCountry "CAN"]
[SourceTitle "playchess.com"]
[Source "ChessBase"]
[SourceQuality "1"]

{[%evp 19,86,13,20,17,35,0,17,4,58,59,56,35,88,81,83,55,93,84,137,135,139,122,134,111,129,98,97,84,85,48,104,77,118,107,123,117,117,110,131,129,136,104,106,106,130,127,158,154,166,172,219,212,235,292,296,115,128,114,122,143,186,142,123,98,102,70,121,129,268]} 1. d4 Nf6 2. Nf3 e6 3. Bf4 c5 4. e3 Be7 5. h3 b6 6. c3 Bb7 7. Bd3 O-O 8. O-O d6 9. Nbd2 Nc6 10. Bh2 {A47: 1 d4 Nf6 2 Nf3 b6: Torre, London and Colle Systems} (10. Re1 Re8 11. Bg3 Rc8 12. a3 cxd4 13. cxd4 g6 14. e4 Nb8 15. Qe2 Nbd7 16. Rac1 Rxc1 17. Rxc1 Qa8 {1-0 (51) Nguyen,N (2635)-Xu,J (2506) Jakarta 2012}) 10... Re8 {LiveBook: 3 Games} 11. a3 Bf8 12. Qc2 $146 {White is slightly better.} ({Predecessor:} 12. e4 a6 13. Re1 b5 14. Bc2 e5 15. d5 Nb8 16. c4 Nbd7 17. b4 Qb6 {1-0 (37) Wall,T (2183)-Ledger,A (2377) Reading 2017}) 12... Rc8 13. Rad1 Rc7 (13... d5 $11) 14. dxc5 $14 bxc5 15. e4 e5 (15... Qc8 $14) 16. Nc4 $16 {[%cal Bd2c4,Bc4e3,Be3d5][%mdl 32]} Rd7 17. Ne3 g6 18. Nd2 Nh5 ({Black should play} 18... a6) 19. Bb5 Qc8 20. Nd5 Bg7 21. Qa4 Re6 22. Nb3 {Hoping for Na5.} Rd8 23. Bc4 Ree8 24. Bg3 {[%cal Bh2g3,Bg3f2,Bf2h4][%mdl 32] Threatens to win with Bh4.} h6 (24... Ne7 $14) 25. Bb5 Re6 26. Be2 Nf6 27. f3 $36 {[%mdl 2048] Black is under strong pressure.} Ree8 28. Ne3 Nh5 29. Bf2 Nf4 30. Bb5 {[%cal Be2b5,Bb5c4,Bc4f1][%mdl 32]} a6 31. Bc4 Rf8 32. Rd2 Qc7 33. Rfd1 Kh8 34. Bh4 f6 {[#]} 35. Bf1 $1 Ne7 36. Qa5 ({Resist} 36. Bxa6 Bxa6 37. Qxa6 Nc6) 36... Qb8 {[#]} 37. Nxc5 $2 (37. Nc4 $1 $18 {is the precise move to win.}) 37... Nc6 {[%cal Be7c6,Bc6a5,Ba5b3][%mdl 32]} 38. Nxa6 Nxa5 ({Avoid the trap} 38... Qa7 $2 39. Qb5 $18) 39. Nxb8 {Strongly threatening Na6.} Rxb8 40. Rxd6 Nb3 41. Bf2 {[%mdl 1024] White has strong compensation.} Bc8 42. h4 h5 (42... f5 $14) 43. a4 Ne6 {[%mdl 32768] Precision: White = 52%, Black = 36%. . An unexpected result.} (43... Kh7 $16 {might work better.}) 1/2-1/2

[Event "Varennes Open-ch 2017"]
[Site "Varennes"]
[Date "2017.10.07"]
[Round "3"]
[White "Thavandiran, Shiyam"]
[Black "Hambleton, Aman"]
[Result "1/2-1/2"]
[WhiteElo "2385"]
[BlackElo "2479"]
[Annotator "TA"]
[PlyCount "112"]
[EventDate "2017.10.06"]
[EventCountry "CAN"]
[SourceTitle "playchess.com"]
[Source "ChessBase"]
[SourceQuality "1"]

{[%evp 37,112,5,1,4,0,20,12,0,0,-1,0,0,0,-7,-2,-25,-5,-4,0,0,0,0,0,-10,-10,-10,-10,-10,-10,-10,-10,-9,-9,-9,-9,-77,0,-29,-18,-27,-15,-16,-17,-18,-15,-16,-15,-15,-15,-20,-20,-35,-35,-37,-8,-8,-8,-23,-8,-8,-8,-8,0,0,0,0,0,0,0,0,0,0,0,0,0,0,29978]} 1. e4 c5 2. Nf3 e6 3. d4 cxd4 4. Nxd4 Nc6 5. Nc3 Qc7 6. Be2 a6 7. O-O Nf6 8. Be3 {[%cal Bc1e3,Be3d4,Bd4e5][%mdl 32]} Bb4 9. Na4 Be7 10. Nxc6 bxc6 11. Nb6 Rb8 12. Nxc8 Qxc8 13. Bd4 c5 14. Be5 Rb6 15. Qd3 d6 {B49: Sicilian: Taimanov: 5 Nc3 Qc7 6 Be3 a6 7 Be2} 16. Bc3 O-O 17. b3 Qc6 18. e5 Nd5 19. Bf3 Qb5 {[#] LiveBook: 3 Games} 20. Bxd5 $146 ({Predecessor:} 20. Qxb5 axb5 21. exd6 Bxd6 22. Bb2 Nb4 23. Bd1 {½-½ (75) Harikrishna,P (2688)-Najer,E (2664) Germany 2012}) 20... Qxd3 21. cxd3 {[#] Strongly threatening Bf3.} exd5 22. exd6 Bxd6 23. Rfe1 Rc8 24. Rac1 f6 25. Kf1 Kf7 ({Reject} 25... Bxh2 $6 26. g3 $16) 26. Bd2 h5 ({Worse is} 26... Bxh2 27. g3 $16) 27. Rc2 Rbc6 ({Don't blunder} 27... Bxh2 $2 28. g3 $16) 28. h3 c4 29. dxc4 dxc4 30. bxc4 Rxc4 31. Rxc4 Rxc4 $11 {[%mdl 4096] Endgame KRB-KRB} 32. Rc1 Ra4 33. Rc2 g5 34. Ke2 Ke6 35. Kd3 Kd5 36. Kc3 (36. Be3 $11 {keeps the balance.}) 36... Ra3+ 37. Kb2 Rd3 38. Bc3 f5 39. Re2 $1 Kc4 40. Bf6 g4 41. hxg4 fxg4 42. Kc2 Ra3 43. Kb2 Ra5 44. Bc3 Rf5 45. Kc2 Bc5 46. f3 gxf3 47. gxf3 Bd6 48. Re4+ {The position is equal.} Kb5 49. a4+ Kc5 (49... Kc6 {looks sharper.} 50. Re6 Kd5 51. Rh6 Bf8 52. Rh8 Kc4) 50. Bb4+ Kd5 51. Bxd6 Kxd6 {KR-KR} 52. Rh4 Ke5 53. Kd2 Kf6 54. Ke3 Rc5 55. Kf2 a5 56. Kg3 Ke5 $2 {[%mdl 40960] Precision: White = 72%, Black = 64%. . An unexpected result.} (56... Rg5+ $11 57. Kf2 Ke6) 1/2-1/2

[Event "Varennes Open-ch 2017"]
[Site "Varennes"]
[Date "2017.10.07"]
[Round "3"]
[White "Sai Krishna G V"]
[Black "Ruiz Sanchez, Orlen"]
[Result "1/2-1/2"]
[WhiteElo "2369"]
[BlackElo "2409"]
[Annotator "ChessBase"]
[PlyCount "111"]
[EventDate "2017.10.06"]
[EventCountry "CAN"]
[SourceTitle "playchess.com"]
[Source "ChessBase"]
[SourceQuality "1"]

1. e4 c5 2. Nf3 d6 3. d4 cxd4 4. Nxd4 Nf6 5. Nc3 a6 6. Bg5 Nc6 7. Qd2 e6 8. O-O-O Be7 9. f3 Nxd4 10. Qxd4 b5 11. Kb1 Bb7 12. Bxf6 Bxf6 13. Qxd6 Qxd6 14. Rxd6 Bxc3 15. bxc3 Ke7 16. Rd3 Rac8 17. Be2 Rc7 18. Rhd1 Rhc8 19. R1d2 g5 20. Kb2 h5 21. Rd4 Kf6 22. a4 Rc5 23. axb5 axb5 24. Rd8 Rxc3 25. Rxc8 Rxc8 26. Bxb5 g4 27. c4 Ke5 28. Rd7 Rb8 29. Rxf7 Ba6 30. Rh7 Kd4 31. Rxh5 gxf3 32. gxf3 e5 33. h4 Bxb5 34. cxb5 Rxb5+ 35. Ka3 Rb6 36. Rf5 Rh6 37. h5 Rb6 38. Ka4 Ra6+ 39. Kb3 Rc6 40. Kb2 Ke3 41. Kb3 Kd4 42. Kb4 Rb6+ 43. Ka5 Rc6 44. Rg5 Rf6 45. Rf5 Rc6 46. Kb5 Re6 47. Rg5 Rh6 48. Kb4 Rb6+ 49. Ka4 Rf6 50. Rf5 Rb6 51. Ka3 Kc3 52. Ka4 Kd4 53. Ka5 Rc6 54. Rg5 Rf6 55. Rg3 Rh6 56. Rg5 1/2-1/2

[Event "Varennes Open-ch 2017"]
[Site "Varennes"]
[Date "2017.10.07"]
[Round "3"]
[White "Chiku-Ratte, Olivier-Kenta"]
[Black "Vettese, Nicholas"]
[Result "1/2-1/2"]
[WhiteElo "2317"]
[BlackElo "2155"]
[Annotator "TA"]
[PlyCount "115"]
[EventDate "2017.10.06"]
[EventCountry "CAN"]
[SourceTitle "playchess.com"]
[Source "ChessBase"]
[SourceQuality "1"]

{[%evp 9,115,0,48,35,26,18,16,28,33,0,0,0,3,-9,-16,-12,38,46,52,39,36,33,54,53,42,41,69,43,37,13,20,17,20,0,0,0,0,0,5,-12,-11,-13,-16,-14,-5,-7,0,-4,0,-17,0,-7,0,-14,-14,-15,-6,-7,0,-29,-36,-28,-27,-28,-28,-36,-35,-24,-29,-54,-8,-8,-6,-6,-6,-8,0,-8,0,0,0,0,0,0,0,0,0,-8,-8,-8,0,-11,0,0,0,0,0,0,0,0,0,0,0,0,0,0,0,0]} 1. d4 Nf6 2. c4 g6 3. Nc3 d5 4. Nf3 Bg7 5. h4 e6 $146 ({Vorgänger:} 5... c6 6. Bg5 dxc4 7. e4 Be6 8. e5 Nd5 9. h5 Nd7 10. h6 Bf8 11. Ne4 f6 12. Bd2 b5 {0-1 (37) Kasparov,G (2812)-Nepomniachtchi,I (2751) Saint Louis 2017}) 6. Bg5 {D90: Grünfeldindisch (Flohr-Variante)} h6 7. Bxf6 Bxf6 8. e3 O-O 9. Bd3 dxc4 10. Bxc4 c5 11. Qd2 cxd4 12. exd4 Nc6 {[%cal Rc6d4]} 13. Qxh6 {[#] Weiss droht Sg5 und Matt.} Bg7 14. Qe3 {Und weiter mit 0-0-0 wäre nett.} Bxd4 15. Nxd4 Qxd4 16. Qxd4 Nxd4 17. O-O-O Nc6 18. h5 gxh5 19. Rxh5 {[#] Beabsichtigt Tg5+ und Matt.} Rd8 20. Rdh1 Kf8 21. R1h4 b6 22. Rh7 Ne5 23. Re4 Ng6 24. g3 Kg8 25. Rh5 Bb7 26. Re3 Kg7 27. Bd3 Rh8 28. Rg5 Kf6 29. f4 Rhg8 30. Kc2 Rac8 31. b4 Ne7 {...Sd5 ist eine echte Drohung.} 32. Rxg8 Nxg8 33. Kb3 Ne7 34. g4 Nd5 35. Nxd5+ Bxd5+ $15 {[%mdl 4096] Endspiel KTL-KTL} 36. Kb2 Rh8 37. g5+ Ke7 38. f5 Rh2+ 39. Bc2 Rg2 40. g6 $1 {Die Stellung ist ausgeglichen.} fxg6 41. fxg6 Kf6 42. Kc3 Rf2 43. Kb2 Bxa2 44. Ra3 Bd5 {Und ...Le4 würde nun gewinnen.} 45. Rxa7 {Droht Tf7+ und aus.} e5 46. Kc3 Rf3+ 47. Kd2 Rf2+ 48. Kd1 Rf4 49. b5 Rb4 50. g7 Rg4 51. Rd7 Bf3+ 52. Kd2 Rxg7 53. Rd6+ Ke7 54. Rxb6 Kd7 55. Ke3 Rg3 56. Kf2 Rg2+ 57. Kxf3 Rxc2 58. Ke4 {Precision: Weiß = 52%, Schwarz = 63%.} 1/2-1/2